000 00487nam a2200181Ia 4500
008 240925s9999 xx 000 0 und d
020 _a72321059
082 _a621.3822 MIT
100 _aMitra ,Sanjit K
245 0 _aDigital Signal Processing: a computer based approach
250 _a2nd
260 _aBoston:
_bMC Graw-Hill
_c,2001.
300 _axviii,866p.
_bNA
_fPhotocopy
500 _aIncludes Index
600 _aElectronic Engineering
650 _aTechnology
942 _cBK
999 _c8538
_d8538